IEP Lyon : Histoire des totalitarismes 2 : aux origines du nazisme - Statistiques

Statistiques générales
  • Ce quiz a été pris 164 fois
  • Le résultat moyen est 18 sur 71
Statistiques - réponses
Questions Réponses % Correct
Quel président nomme Hitler au pouvoir ? Paul von Hindenburg
82%
À quelle date (xx mois xxxx) 30 janvier 1933
77%
Nom du Kaiser, chef d'une Allemagne autoritaire, précédant la République de Weimar (chiffres romains) : Guillaume II
45%
Le président a de nombreux pouvoirs. Il nomme le chef du gouvernement, peut l'autoriser à gouverner sans majorité au parlement, dissoudre ce dernier et est élu pour ? ans. 7
43%
Une deuxième théorie pointe les faiblesses de la République de Weimar. Année de naissance de ce régime : 1918
41%
À relativiser, le régime est autoritaire mais il existe tout de même un parlement dans lequelle tous les partis d'opposition sont représentés (S.U), le... Reichstag
41%
... ont permis de le stabiliser au début des années... 1920
40%
Cependant ces institutions qui ont permis d'affaiblir le régime au début des années... 1930
39%
Cependant il existe des pays démocratiques ayant connu une forte instabilité parlementaire et ministérielle sans sombrer fatalement dans la dictature. Donnez un exemple. La France
39%
Théorie qui domine des années 1960 aux années... 2000
38%
Droitisation des partis politiques du centre-droit à la droite conservatrice + succès du parti de Hitler, une dérive autoritaire du président (question 1) (une nationaliste qui s'était tenu tranquille jusqu'à lors) qui aboutit à la nomination de Hitler comme chancelier. Cette dérive commence en... 1930
36%
Les esprits n'auraient pas eu le temps de se démocratiser en raison de l'aspect tardif mais rapide de l'[...] allemande. Industrialisation
36%
En réaction la France et la Belgique occupent militairement la... (région importante pour l'industrie allemande) -> hyperinflation. Ruhr
36%
Le parti nazi exige la chancellerie, le président refuse à l'été... (année) -> Reichstag défavorable au gouvernement, pas de possibilité de coup d'État car pas assez de soutien dans l'armée. Contrainte de nommer Hitler chancelier. 1932
35%
Cependant des pays connaissent une crise de même ampleur sans sombrer dans la dictature. Un exemple : Les États-Unis
35%
Possible pour l'Allemagne car elle a augmenté son influence par la chute de deux empires d'Europe Centrales (russe et austro-hongrois) pendant la 1GM, de même elle est bien classée parmi les économies d'Europe. Quel est ce classement (en chiffre) ? 1
34%
On lui reproche son mode de scrutin qui favorise l'émiettement de la représentation et permet à des partis anti-système comme le parti nazi d'être représenté (notamment au début des années 1930). On parle de mode de scrutin... Proportionnel
34%
Cela permet un débat démocratique. On le parti social démocrate allemand, le (sigle)... SPD
34%
L'Allemagne perd des territoires à l'Est, voit son armée limités à [...] soldats sans équipement moderne. 100 000
33%
Croissance des effectifs du [...] de Hitler en 1923. NSDAP
33%
La "République des conseils" se tient à Munich pendant un mois avant de subir une répression également violente. En quelle année ? 1919
32%
Insurrection d'une "armée rouge révolutionnaire". En quelle année ? (Tentative de prise de pouvoir communiste à a fin de cette année) 1923
32%
Les partis républicains sortent très victorieux des élections législatives de l'année... 1928
32%
La crise de la région occupée est résolue diplomatiquement par un plan de paiement des réparations pour ? ans. 5
32%
Une troisième explication par la dépression de 1929. En Allemagne, combien de chômeurs enregistrés (en millions) ? 6
32%
3 grandes explications à l'arrivée de Hitler au pouvoir. La théorie de la voie spécifique qui explique l'avènement du nazisme par une tradition autoritaire très ancienne en Allemagne, ou en allemand : Sonderweg
31%
Cette Allemagne n'avait connu aucune révolution victorieuse mais une seule qui échoue en... 1848
30%
Du côté conservateur on véhicule l'idée que l'armée impériale victorieuse a fini par perdre de l'effet de la prise de pouvoir par les révolutionnaire. On parle de légende du... Coup de poignard dans le dos
29%
Elle connaît aussi des troubles politiques avec une agitation à l'extrême gauche. Comme se nomment les révolutionnaires allemands qui organisent une grève insurrectionnelle en 1919 ? Les Spartakistes
29%
Putsch nationalistes échoué surnommé le... Putsch de la brasserie
29%
Combien non-enregistrés (en millions, fourchette basse) ? 8
28%
Le parti de centre-droit : Entre autres. Le Zentrum
28%
Montant des réparations économiques dues entre autres à la France fixé en... 1921
27%
1931 : aggravation de la crise économique, nomination d'un nouveau chancelier. Qui est-il ? Franz Von Papen
27%
La théorie repose aussi sur un lien contestable entre démocratisation et modernisation économique. Donnez un pays faisant office de contre-exemple à ce lien. URSS/Chine
26%
Siège du Reichstag incendié le... (xx mois xxxx). On blâme les communistes. 27 février 1933
25%
Hitler au pouvoir mais gouvernement à majorité non-nazi. Monnaye ce désavantage contre une dissolution du Reichstag pour dépasser la majorité absolue aux élections. Il use de ses ministres stratégiquement. Quel nazi contrôle le land de Prusse (Berlin) en tant que ministre de l'intérieur ? Göring
25%
La dictature connaît cependant des diffucultés au printemps de l'année... 1934
24%
On pointe la faiblesse de ses institutions démocratiques dont elle se dote avec sa constitution de (mois xxxx)... Juillet 1919
23%
Un parti communiste sur une ligne stalinienne, le... (sigle) Et bien sûr le parti nazi. KPD
23%
Date de l'accès à la fonction présidentielle dudit président ? (année) 1925
22%
La république de Weimar en arrive finalement à une période de stabilisation. Datez-la (xxxx xxxx). 1924 1929
21%
Problème avec l'appareil de répression du nouveau régime. Il est contraint d'engager des milices nationalistes qui collaborent avec la République par anti-marxisme. Ce sont les... Corps francs
21%
Cet épisode est réprimée dans le sang (semaine sanglante), une leader de cette mouvance y perd la vie (salauds). Il s'agit de... Rosa Luxemburg
21%
Un potentiel extrémiste de droite important : création au début des années 1920 des organisations [...] (groupuscules partageant des principes cardinaux dans l’anti-marxisme, l’ultra nationalisme, l’antisémitisme, l’antiparlementarisme). Le parti nazi n'en est qu'un parmi d'autres. Völkisch
21%
La SA qui compte 3M de membres veut occuper une place plus importante dans l'armée (ça lui déplait) et mener à son terme la révolution nationale socialiste (divergeance avec Hitler). Elles sont dirigées par... Ernst Röhm
20%
Nouvelle dissolution, score du parti nazi ? 37%
19%
En mars de l'année de la dérive, le gouvernement démissionne. Il a donc le champ libre pour procéder à un tournant autoritaire. Qui nomme-t-il à la chancellerie (membre du Zentrum) ? Brüning
19%
Il existe cependant des partis anti-républicains. Un parti conservateur qui remet quelque peu en cause son opposition à la République. Le... (sigle) DNVP
19%
La jeune république doit faire face à des difficultés économiques et sociales de sortir de guerre (revenir à une économie de paix avec toutes les difficultés que cela inclut). Elle doit aussi faire face à des difficultés diplomatiques. Quel article du Traité de Versailles impute la responsabilité de la guerre à l'Allemagne ? (L'article...) 231
18%
Grâce à quel article de la Constitution gouverne-t-il par décret-loi ? (l'article...) -> motion de défiance du parlement -> dissolution -> haut score nazi aux nouvelles élections, même chancelier. 48
18%
... le (xx mois xxxx). 9 novembre 1923
18%
Hitler met en place la journée de [...] pour rassembler l'opinion conservatrice, obtenir 2/3 des voix au Reichstag et prendre les pleins pouvoirs. Postdam
17%
Cela, le mécontentement de l'opinion et les ambitions de certains conservateurs pousse Hitler à organiser la "nuit des longs couteaux" (assassinat de chefs SA) du... (xx mois xxxx) 30 juin 1934
15%
La république de Weimar connaît une première période de résolution des problèmes accompagnants sa naissance. Datez la (xxxx xxxx). 1918 1923
14%
Combien de membres compte la Ligue (réponse précédente) de protection et de défense en 1922 ? 200 000
14%
... au... (xx mois xxxx). -> le régime et son autorité se stabilisent. 2 juillet 1934
14%
"Loi sur le rétablissement d’une fonction publique professionnelle » = épuration des administrations en... (mois xxx) Avril 1933
14%
Le parti n'est pas satisfait de son score (44%) au élections législatives de... (mois xxxx) Mars 1933
14%
Les élites allemandes même libérales auraient intériorisé des normes du régime... Féodale
13%
Ces courants vont dans la continuité d'organisations plus vieilles comme la [...] (deux mots) fondée en 1893. Ligue pangermaniste
13%
Ils soutiennent une tentative de putsch en... (mois xxxx). -> l'armée refuse d'intervenir mais le putsch échoue avec la réaction des camarades syndicalistes. Mars 1920
13%
Hitler met fin à l'État de droit par un décret : la... (sept mots) Protection du peuple et de l'État
12%
Annonce des autorités de l'arrêt du paiement des réparations en... (mois xxxx). Décembre 1922
10%
Hitler agite la menace fantasmée d'un... Judéo-bolchevisme
10%
Le DNVP est absorbé par la parti nazi via la loi contre la refondation des partis politiques en... (mois xxxx) Juillet 1933
10%
Au 31 juillet 1933, combien de personnes sont arrêtées ? 27 000
9%
Interdiction des syndicats, et mise en place du... (quatre mots) Front Allemand du Travail
8%
Il fait usage de la terreur via la police et des organisations paramilitaires comme les... Sections d'Assaut
7%
En réalité l'État allemand conseille au Kaiser de négocier dès... (mois xxxx). C'est cette instabilité qui entraîne la révolution. Septembre 1918
7%
En conclusion face à la gangrène fasciste une seule solution... L'union
4%
Aucun quiz correspondant
Distribution des résultats
% des personnes avec chaque résultat
Percentile par nombre de réponses
Votre historique - résultats
Vous n’avez pas pris ce quiz